|
|
|
|
| LEADER |
00000nam0a2200000 4500 |
| 001 |
130671 |
| 005 |
20231101220245.0 |
| 010 |
|
|
|a 9785769544576
|
| 035 |
|
|
|a (RuTPU)RU\TPU\book\141526
|
| 090 |
|
|
|a 130671
|
| 100 |
|
|
|a 20080206d2008 m y0rusy50 ca
|
| 101 |
0 |
|
|a rus
|
| 102 |
|
|
|a RU
|
| 105 |
|
|
|a a j 001zy
|
| 200 |
1 |
|
|a Сервисная деятельность
|e учебное пособие для вузов
|f Т. Н. Третьякова
|
| 210 |
|
|
|a Москва
|c Академия
|d 2008
|
| 215 |
|
|
|a 303 с.
|c ил.
|
| 225 |
1 |
|
|a Высшее профессиональное образование. Туризм
|
| 320 |
|
|
|a Библиогр.: с. 299-300.
|
| 320 |
|
|
|a Словарь терминов и определений: с. 289-298.
|
| 330 |
|
|
|a Раскрыты основы теории деятельности, в том числе всеобщая и совокупная структура индивидуальной деятельности человека и общественной деятельности. Рассмотрены сервисная деятельность как форма удовлетворения потребностей человека, сервис как экономическая категория, психолого-педагогические основы сервисной деятельности. Освещены состав и структура сферы услуг, истоки сервисной деятельности в России и концепция ее развития в перспективе, а также значение сферы услуг за рубежом. Для студентов высших учебных заведений.
|
| 606 |
1 |
|
|a Сервисная деятельность
|x Экономика
|2 stltpush
|3 (RuTPU)RU\TPU\subj\67409
|9 83222
|
| 610 |
1 |
|
|a сервис
|
| 610 |
1 |
|
|a сервисное обслуживание
|
| 610 |
1 |
|
|a сервисное предпринимательство
|
| 610 |
1 |
|
|a индивидуальная деятельность
|
| 610 |
1 |
|
|a сфера услуг
|
| 610 |
1 |
|
|a история
|
| 610 |
1 |
|
|a Россия
|
| 610 |
1 |
|
|a непроизводственная сфера
|
| 610 |
1 |
|
|a технологии
|
| 610 |
1 |
|
|a услуги
|
| 610 |
1 |
|
|a маркетинг
|
| 610 |
1 |
|
|a конкурентоспособность
|
| 610 |
1 |
|
|a управление качеством
|
| 610 |
1 |
|
|a психология
|
| 610 |
1 |
|
|a профессиональная подготовка
|
| 610 |
1 |
|
|a кадры
|
| 610 |
1 |
|
|a учебные пособия
|
| 610 |
1 |
|
|a туризм
|
| 610 |
1 |
|
|a мотивация
|
| 610 |
1 |
|
|a потребности
|
| 610 |
1 |
|
|a структура
|
| 686 |
|
|
|a У9(2)49я73
|v LBC/SL-A
|2 rubbk
|
| 700 |
|
1 |
|a Третьякова
|b Т. Н.
|g Татьяна Николаевна
|
| 801 |
|
1 |
|a RU
|b 63413507
|c 20080206
|g PSBO
|
| 801 |
|
2 |
|a RU
|b 63413507
|c 20150604
|g PSBO
|
| 900 |
|
|
|a Сервисная деятельность
|
| 942 |
|
|
|c BK
|
| 952 |
|
|
|b 100103
|b 100202
|
| 959 |
|
|
|a 12/20080201
|d 2
|e 0
|f АНЛ:1
|f ЧЗГЛ:1
|
| 959 |
|
|
|a 115/20081202
|d 3
|e 0
|f АНЛ:2
|f ЧЗГЛ:1
|
| 959 |
|
|
|a 53/20090422
|d 1
|e 290,00
|f ЧЗГЛ:1
|
| 959 |
|
|
|a 84/20130422
|d 3
|e 346,00
|f УФ:3
|